| 000 | 00366nam a22001577a 4500 | ||
|---|---|---|---|
| 005 | 20170401144602.0 | ||
| 008 | 170401b xxu||||| |||| 00| 0 eng d | ||
| 020 | _a81-8143-590-7 | ||
| 041 | _aeng | ||
| 100 |
_aRAINA,GAURISHANKAR _93773 |
||
| 245 | _aSANCHAR MADHYAM LEKHAN | ||
| 260 | _bVANI PRKASHAN | ||
| 300 | _a119 | ||
| 650 |
_aMASS COMM _93668 |
||
| 942 | _cBK | ||
| 999 |
_c5382 _d5380 |
||